00580nam a22001577a 450000500170000001000150001702000260003203500140005803700130007208200100008510000200009524500590011526000610017427001580023530000290039320250425153703.0 aENG-144775 a9789380831671c199.00 aEN-128307 bDBAD/PUB a304.6 aJanakiramaiah,G aSocial Demography And Family Welfare/cG Janakiramaiah aIndiabSTUDENTSHELPLINE PUBLISHING HOUSE Pvt. Ltd.c2012 a326/C,Seurneni Nilayam,Naer B K Guda Park, S.R. NagarbHyderabadk+91 4023710657,32494570,23800657e500038l+91 4023810657mstudentshelpline.in@gmail.com aVarious Pagec22 cm(pbk)